000 01968cam a22004934i 4500
003 PE-LiUPU
005 20250731173412.0
008 150706s r 000 0 d
020 _a9780829754537
035 _a(Sirsi) i9780829754537
040 _aPE-LiUPU
_bspa
_cPE-LiUPU
_erda
049 _aPRUA
082 0 4 _a261.835
_bH21
_221
100 1 _aHancock, Jim,
_d1952- ,
_eautor.
245 1 0 _aLo que (casi) nadie te dirá acerca del sexo :
_bLa Perspectiva de Dios para tu sexualidad /
_cJim Hancock y Kara Eckmann Powell.
264 1 _aMiami :
_bEditorial Vida,
_c2009.
300 _a126 páginas :
_bilustraciones ;
_c23 cm
336 _atext
_2rdacontent
337 _aunmediated
_2rdamedia
338 _avolume
_2rdacarrier
505 0 _aHablemos de sexo -- Identidad sexual -- Intimidad -- Deseo -- Límites -- Responsabilidad -- Segundas oportunidades -- De vuelta a la biología básica -- Cómo ayudar a las víctimas de abuso sexual -- Todo el sexo de la Biblia.
526 _aSEG42
526 _aSEG41
526 _aSEG40
526 _aSEG39
526 _aP94
526 _aP87
526 _aP86
526 _aP85
526 _aP77
526 _aP76
526 _aP35
541 _g001-0000558;
650 0 4 _aEducación sexual
_xCristianismo.
650 0 4 _aÉtica sexual para jóvenes
_xEstudio y enseñanza.
650 0 4 _aTrabajo de iglesia con jóvenes.
700 1 _aPowell, Kara Eckmann,
_d1970- ,
_eautor.
910 _agl
_cjck
_d20111201
942 _2ddc
_cBOOK
949 _a261.835 H21
_wDEWEY
_c1
_i64089
_lCCODEBUL1
_mBUL
_p18.00
_r0
_sY
_tBOOK
_u2015-7-6
_xTEOLOGIA
_PP35
_o.STAFF. Colección General
994 _aC0
_bPEPRU
596 _a1
999 _a261.835 H21
_wDEWEY
_c52929
_i64089
_f2021-11-10
_g5
_lCCODEBUL1
_mBUL
_p18.00
_r0
_sY
_tBOOK
_u2015-7-6
_xTEOLOGIA
_PP35
_0COMPRA
_o.STAFF. Colección General
_d52929
980 _81
_gALBERTO SANCHEZ Responsable de Automatización